000 00573nam a2200217Ia 4500
003 OSt
005 20230508113314.0
008 210423s2010 xx 000 0 und d
020 _a9780412798603
040 _cAL
041 _aeng
082 _a538 JILD
_223
100 _aJILES (David).
_999870
245 _aIntroduction to magnetism and magnetic materials.
250 _a2
260 _aNew Delhi
_bTaylor & Francis
_c2010
300 _axxvii,536
_bPB
365 _b5820.12
_cINR
906 _aIntroduction ; magnetic ; magnetism ; materials.
942 _2ddc
_cBK
999 _c162460
_d162460